Northern Ireland County Quiz - Down - Statistics

General Stats
  • This quiz has been taken 67 times
  • The average score is 9 of 15
Answer Stats
Hint Answer % Correct
Thomas Andrews from Comber was responsible for the design of this iconic ocean liner RMS Titanic
87%
Seaside resort town that has a namesake in the US state of Maine Bangor
83%
Range of mountains that dominate the south of County Down Mourne
80%
City located on the border of County Down and County Antrim Lisburn
78%
City in County Down on a river of the same name that lies partly in County Armagh Newry
74%
Northern Ireland's highest mountain, that lies within the above range Slieve {Donard}
74%
Professional golfer from Holywood who won the 2011 U.S. Open Rory McIlroy
72%
Large sea lough or inlet in the east of the county Strangford
72%
County town of County Down Downpatrick
59%
This 'Peninsula of the Ulstermen', separates the above lough from the Irish Sea Ards
56%
Old Castle Ward was used as a location for 'Winterfell Castle' in this HBO production Game of Thrones
56%
British Colony founded by the First Fleet in which Thomas Jamison from County Down served as surgeon mate. It has the same name as a present day Australian state New South Wales
44%
Politician and Leader of the Liberal Democrats from 1988 to 1999, who was largely brought up on a farm near Comber, County Down
Paddy Ashdown
28%
New identity for the above town's North Pier, named after a US President Eisenhower
22%
TV mini-series in which Holywood born Jamie Dornan wakes up in the Australian Outback with no recollection of who he is The Tourist
19%
No matching quizzes found
Score Distribution
Percent of People with Each Score
Percentile by Number Answered
Your Score History
You have not taken this quiz